Geography Quiz

Random Geography or City Quiz

Matching States Down Under Quiz Stats

 Plays Quiz Updated Jan 26, 2016

Also try: Australia Z-A
Challenge
Share
Tweet
Embed
Score 0/22 Timer 05:00
5 Plays Today
% Correct
Sydney
84.3%
Perth
81.9%
Melbourne
77%
Hobart
74.6%
Brisbane
74.4%
Canberra
74.1%
Darwin
73.8%
Adelaide
71.5%
Alice Springs
64.1%
Gold Coast
64%
Cairns
56.4%
% Correct
Newcastle
54.5%
Wollongong
50.7%
Launceston
50.3%
Geelong
44.6%
Ballarat
39%
Devonport
35.5%
Albany
34.8%
Bunbury
34.2%
Mount Gambier
32.4%
Whyalla
28%
Palmerston
21.6%

You're not logged in!

Compare scores with friends on all Sporcle quizzes.
OR
Log In

You Might Also Like...

Show Comments

Extras

Top Quizzes Today


Score Distribution

Your Account Isn't Verified!

In order to create a playlist on Sporcle, you need to verify the email address you used during registration. Go to your Sporcle Settings to finish the process.

Report this User

Report this user for behavior that violates our Community Guidelines.

Details: